| 000 | 00598cam a2200241 a 4500 | ||
|---|---|---|---|
| 999 |
_c8556 _d8556 |
||
| 001 | 8556 | ||
| 003 | BD-JhCC | ||
| 005 | 20180227161223.0 | ||
| 008 | 881201s1985 enk | |||| ||eng|| | ||
| 020 | _a0434984809 | ||
| 035 | _a(BD-JhCC)8556 | ||
| 040 |
_aBD-JhCC _dBD-JhCC |
||
| 041 | _aeng | ||
| 082 | _bWHI 1985 | ||
| 100 | 1 |
_aWhitehead, Geoffrey, _d1921- |
|
| 245 | 1 | 0 |
_aCommerce : _bmade simple / _cGeoffrey Whitehead. |
| 250 | _a11th ed. | ||
| 260 |
_aLondon : _bHeinemann, _c1985. |
||
| 300 |
_axiii,336p ; _c22cm. |
||
| 490 | 0 | _aMade simple books | |
| 942 |
_2ddc _cBK |
||